| 000 | 00482nam a2200181Ia 4500 | ||
|---|---|---|---|
| 001 | 28059 | ||
| 003 | IN-NITTTR | ||
| 005 | 20251114233348.0 | ||
| 008 | 251113s9999||||xx |||||||||||||| ||eng|| | ||
| 040 | _beng | ||
| 040 | _cIN-NITTTR | ||
| 041 | _aeng | ||
| 082 | _a728.02 Z1D | ||
| 100 | _aZaidi, S. Kaleem A. | ||
| 245 | 0 |
_aDrawing and design of residential and commercial buildings / _cZaidi, S. Kaleem A., Siddiqui, Suhail |
|
| 700 | _a Siddiqui, Suhail | ||
| 942 |
_2ddc _cBK |
||
| 999 |
_c30687 _d30687 |
||